El fundamento antropológico de la filosofía política y moral en Thomas Hobbes.
Saved in:
| 主要作者: | |
|---|---|
| 格式: | 圖書 |
| 語言: | 英语 |
| 出版: |
Buenos Aires, Argentina:
Ediciones Universidad Católica Argentina; Instituto para la Integración del Saber,
1999.
|
| 主題: | |
| 標簽: |
添加標簽
沒有標簽, 成為第一個標記此記錄!
|
MARC
| LEADER | 00000nam a22000007a 4500 | ||
|---|---|---|---|
| 003 | CL-VaPUC | ||
| 005 | 20220822114519.0 | ||
| 008 | 220623b1999 ||||| |||| 00| 0 eng d | ||
| 999 | |c 436270 |d 436268 | ||
| 020 | |a 950-523-139-3 | ||
| 040 | |c Pontificia Universidad Católica de Valparaíso | ||
| 082 | 7 | |a 320.01 LUK 1999 |2 22 | |
| 100 | 1 | |a Lukac de Stier, María Liliana |e autora |9 871317 | |
| 245 | |a El fundamento antropológico de la filosofía política y moral en Thomas Hobbes. | ||
| 260 | |a Buenos Aires, Argentina: |b Ediciones Universidad Católica Argentina; |b Instituto para la Integración del Saber, |c 1999. | ||
| 300 | |a 334 páginas. | ||
| 500 | |a c.1 Donación Familia Prof. Alejandro Guzmán Brito. | ||
| 583 | |c 20220623 |k Catalogador Asistente | ||
| 600 | 0 | |a Hobbes, Thomas |9 871810 |d 1588-1679 | |
| 650 | |a Filosofía política |z Inglaterra |9 872583 | ||
| 942 | |2 ddc |c BK |n 0 | ||
| 952 | |0 0 |1 0 |2 ddc |4 0 |6 320_010000000000000_LUK_1999 |7 0 |8 C_AGB |9 584000 |a BIBDER |b BIBDER |d 2022-06-23 |e Donación |i 5652087 |o 320.01 LUK 1999 |p 5652087 |r 2023-01-25 |t 1 |w 2022-06-23 |y BK_US |k AGB | ||